| 000 | 00337nam a2200109Ia 4500 | ||
|---|---|---|---|
| 008 | 200302s9999 xx 000 0 und d | ||
| 100 | _aShikha Jain and Others | ||
| 245 | _aThe Future of Historic Cities Urban heritage in asia documentation protction and consrvation | ||
| 260 | _bAryan Books International | ||
| 260 | _c2016 | ||
| 300 | _a178 | ||
| 999 |
_c6323 _d6323 |
||